Vocal Word Puzzles Quiz Stats

 Plays Quiz Updated Feb 10, 2013

Challenge
Share
Tweet
Embed
Score 0/14 Timer 04:00
2 Plays Today
Hint Name % Correct
bilk lint tonBill Clinton
98.8%
run old ray gunRonald Reagan
97.4%
my kojak sinMichael Jackson
95.6%
mow bead hickMoby Dick
95.1%
counter rack yule ahCount Dracula
90.9%
buck spun heBugs Bunny
89.6%
alp hurt ayn sty yenAlbert Einstein
87.5%
Hint Name % Correct
my gulch hoard inMichael Jordan
86.2%
docked hearse whoseDr. Seuss
83.9%
rock heap alpo huhRocky Balboa
80.8%
my coal and jelloMichelangelo
78.2%
caress tougher clump usChristopher Columbus
70.9%
hang care runHank Aaron
70.1%
hand score itch chin and her sunHans Christian Andersen
42.8%

You're not logged in!

Compare scores with friends on all Sporcle quizzes.
OR
Log In

You Might Also Like...

Show Comments

Extras

Top Quizzes Today


Score Distribution

Your Account Isn't Verified!

In order to create a playlist on Sporcle, you need to verify the email address you used during registration. Go to your Sporcle Settings to finish the process.

Report this User

Report this user for behavior that violates our Community Guidelines.

Details: